| 000 | 00702nam a2200265 a 4500 | ||
|---|---|---|---|
| 001 | 4423 | ||
| 003 | BD-RjUL | ||
| 005 | 20211208233905.0 | ||
| 008 | 131222s1969 enk 001 0 eng | ||
| 020 | _a0421120304 | ||
| 035 | _a(BD-RjUL) | ||
| 040 |
_aDLC _cDLC _dDLC _dBD-RjUL _beng |
||
| 041 | _aeng | ||
| 082 | 0 | 0 |
_a346.03 _223 _bHES 1969 |
| 100 |
_aHeuston, R. F. V. _9139703 |
||
| 245 | 1 | 0 |
_aSalmond on the law of torts / _cR. F. V. Heuston |
| 250 | _a15th ed., | ||
| 260 |
_aLondon : _bSweet & Maxwell, _cc1969. |
||
| 300 |
_acxii, 840 p.; _c23 cm. |
||
| 350 | _a98/- | ||
| 504 | _aIncludes index. | ||
| 650 | 0 |
_aTorts _zGreat Britain. _913522 |
|
| 942 |
_2ddc _cBK |
||
| 999 |
_c4423 _d4423 |
||